Detalles MARC
| 000 -LIDER |
| fixed length control field |
01329nam a22003137a 4500 |
| 003 - IDENTIFICACDOR DE NÚMERO DE CONTROL |
| control field |
DO-SdBNP |
| 005 - DATE AND TIME OF LATEST TRANSACTION |
| control field |
20210507100316.0 |
| 008 - ELEMENTOS DE LONGITUD FIJA |
| fixed length control field |
210224b2019 dr 00| 0 spa d |
| 020 ## - ISBN |
| International Standard Book Number |
9789945908855 |
| 040 ## - FUENTE DE CATALOGACIÓN |
| Agencia que crea de manera original el registro |
BPMSU |
| Idioma de catalogación |
spa |
| Agencia que realiza la transcripción |
BPMSU |
| 082 ## - NÚMERO DE CLASIFICACIÓN DECIMAL DE DEWEY |
| Classification number |
778.53 |
| Item number |
B422O |
| Edition number |
22 |
| 100 1# - ASIENTO PRINCIPAL -- NOMBRE PERSONAL |
| Nombre personal |
Beiro Álvarez ,Luis |
| Fechas asociadas con el nombre |
1950 - |
| 245 1# - MENCIÓN DE TITULO |
| Título |
Oscar Torres : |
| Subtítulo |
el cine con mirada universal / |
| Mención de responsabilidad |
Luis Beiro Álvarez ; editor, Andrés Blanco Díaz ; prologo Tony Raful |
| 260 ## - PUBLICACIÓN, DISTRIBUCIÓN, ETC. (PIE DE IMPRENTA) |
| Lugar de publicación, distribución, etc |
Santo Domingo : |
| Nombre del editor, distribuidor, etc. |
Archivo General de la Nación, |
| Fecha de publicación, distribución, etc |
2019 |
| 300 ## - DESCRIPCIÓN FÍSICA |
| Extensión |
322 p.: |
| Otros detalles físicos |
il. , |
| Dimensiones |
23 cm. |
| 490 0# - MENCIÓN DE SERIES |
| Mención de serie |
Archivo General de la Nación ; |
| Volume/sequential designation |
355 |
| 500 ## - NOTA GENERAL |
| Nota general |
Incluye datos bibliográfico del autor en las solapas |
| 500 ## - NOTA GENERAL |
| Nota general |
Incluye referencias bibliográficas y notas al pie de las páginas |
| 505 0# - NOTA DE CONTENIDO |
| Texto normalizado de contenido |
Agradecimientos -- Introducción -- El revolucionario y el artista -- Entrevistas -- Artículos de Oscar Torres -- Críticas y reportes de prensa -- Testimonios gráficos.<br/> |
| 590 ## - NOTA LOCAL |
| Texto de la nota local |
Inventariado, 2021/VM |
| 600 1# - ENCABEZAMIENTO DE MATERIA--NOMBRE PERSONAL |
| Nombre personal |
Torres, Oscar |
| Fechas asociadas con el nombre |
1950- |
| Subdivisión temática general |
Crítica e interpretación . |
| 650 #4 - ENCABEZAMIENTO DE MATERIA--TEMÁTICO |
| Término temático o nombre geográfico como elemento de entrada |
Cine |
| Subdivisión geográfica |
República Dominicana | |
| 650 #4 - ENCABEZAMIENTO DE MATERIA--TEMÁTICO |
| Término temático o nombre geográfico como elemento de entrada |
Industria cinematográfica |
| Subdivisión geográfica |
Cuba |
| 700 1# - ASIENTO SECUNDARIO -- NOMBRE PERSONAL |
| Nombre personal |
Blanco Diaz, Andrés |
| Mención de responsabilidad |
ed. |
| 700 1# - ASIENTO SECUNDARIO -- NOMBRE PERSONAL |
| Nombre personal |
Raful Tony |
| Mención de responsabilidad |
pról. |
| 830 #0 - ASIENTO SECUNDARIO DE SERIE--TÍTULO UNIFORME |
| Título uniforme |
Archivo General de la Nación; |
| Volume number/sequential designation |
355 |
| 910 ## - VALIDACIÓN |
| Validación |
MCabrera /VMateo |
| 942 ## - ADDED ENTRY ELEMENTS (KOHA) |
| Source of classification or shelving scheme |
Dewey Decimal Classification |
| Koha item type |
Libros |